000 00286nam a22001337a 4500
008 180802b xxu||||| |||| 00| 0 eng d
082 _a813.52
245 _aCollege Algebra
_cStewart
260 _c2004
300 _a1
_fCD
440 _x0534406068
760 _b4th
942 _2ddc
_cMX
999 _c46721
_d46721